[Event "JBLN Ost 0001"]
[Site "Germany"]
[Date "2001.03.18"]
[Round "?"]
[White "Strumpf, Erik"]
[Black "Schweigert, Daniel"]
[Result "1-0"]
[WhiteElo "1843"]
[BlackElo "1316"]
[PlyCount "69"]
[EventDate "2000.??.??"]
[EventType "team"]
[EventRounds "9"]
[EventCountry "GER"]
[SourceTitle "EXT 2003"]
[Source "ChessBase"]
[SourceDate "2002.11.25"]
[SourceVersion "1"]
[SourceVersionDate "2002.11.25"]
[SourceQuality "1"]

1. d4 d5 2. c4 e6 3. Nc3 Nf6 4. Bg5 c6 5. e3 Bd6 6. Nf3 Nbd7 7. cxd5 exd5 8. Bd3 Qc7 9. Qc2 h6 10. Bh4 0-0 11. 0-0 Re8 12. Rab1 a5 13. Rfc1 Qb8 14. a3 b6 15. b4 axb4 16. axb4 Bb7 17. e4 dxe4 18. Nxe4 Bf4 19. Re1 g5 20. Bg3 Nd5 21. b5 Qc7 22. bxc6 Qxc6 23. Qb3 N7f6 24. Bb5 Qc7 25. Nxf6+ Nxf6 26. Bxe8 Nxe8 27. Ne5 Bxe5 28. Rxe5 Qc6 29. f3 Nd6 30. Qxb6 Qxb6 31. Rxb6 Ra1+ 32. Re1 Rxe1+ 33. Bxe1 Bxf3 34. gxf3 Nc4 35. Rc6 1-0

[Event "JBLN Ost 0001"]
[Site "Germany"]
[Date "2001.03.17"]
[Round "?"]
[White "Kletzin, Steffen"]
[Black "Schweigert, Daniel"]
[Result "1/2-1/2"]
[WhiteElo "1147"]
[BlackElo "1316"]
[PlyCount "72"]
[EventDate "2000.??.??"]
[EventType "team"]
[EventRounds "9"]
[EventCountry "GER"]
[SourceTitle "EXT 2003"]
[Source "ChessBase"]
[SourceDate "2002.11.25"]
[SourceVersion "1"]
[SourceVersionDate "2002.11.25"]
[SourceQuality "1"]

1. e4 c6 2. Nf3 d5 3. exd5 cxd5 4. d4 Bf5 5. Bd3 Bxd3 6. Qxd3 e6 7. Qb5+ Qd7 8. Qxd7+ Nxd7 9. 0-0 Bd6 10. Re1 Ne7 11. Nc3 a6 12. Bg5 h6 13. Bd2 0-0 14. a3 Nb6 15. Ne5 Nf5 16. Ne2 Rac8 17. c3 Bxe5 18. dxe5 Nc4 19. Bf4 Nxb2 20. Reb1 Na4 21. Rxb7 Nxc3 22. Nxc3 Rxc3 23. Ra7 Rc6 24. Bd2 Rfc8 25. g3 Nd4 26. Kg2 Nb3 27. Rd1 Nxd2 28. Rxd2 R8c7 29. Ra8+ Rc8 30. Ra7 Rb8 31. Rd4 g5 32. Ra4 Rbb6 33. h4 Kg7 34. hxg5 hxg5 35. Rg4 Kg6 36. f4 f6 1/2-1/2

[Event "JBLN Ost 0001"]
[Site "Germany"]
[Date "2000.11.04"]
[Round "?"]
[White "Schweigert, Daniel"]
[Black "Hartung, Thomas"]
[Result "0-1"]
[WhiteElo "1316"]
[BlackElo "1580"]
[PlyCount "126"]
[EventDate "2000.??.??"]
[EventType "team"]
[EventRounds "9"]
[EventCountry "GER"]
[SourceTitle "EXT 2003"]
[Source "ChessBase"]
[SourceDate "2002.11.25"]
[SourceVersion "1"]
[SourceVersionDate "2002.11.25"]
[SourceQuality "1"]

1. e4 e6 2. d4 d5 3. e5 c5 4. c3 Nc6 5. Nf3 Qb6 6. Be2 cxd4 7. cxd4 Nh6 8. Qa4 Nf5 9. Bb5 Bd7 10. Bxc6 Bxc6 11. Qd1 Bb4+ 12. Nc3 Rc8 13. 0-0 Bxc3 14. bxc3 Bb5 15. Rb1 Qa6 16. Re1 Rxc3 17. Bb2 Rc7 18. Qb3 0-0 19. Ba3 Bc4 20. Qb4 Rfc8 21. Rec1 b5 22. Rb2 Ne7 23. Rbc2 Nc6 24. Qb2 Nb8 25. Bd6 Rb7 26. a3 Qc6 27. Qc3 Nd7 28. Qd2 Qb6 29. Qf4 a5 30. Rb2 Qc6 31. Qd2 Qa6 32. Qc3 Nb8 33. h3 Nc6 34. Kh2 Nd8 35. Ng5 Rd7 36. Qc2 g6 37. Qc3 Nb7 38. Qf3 h6 39. Nxe6 fxe6 40. Qf6 Kh7 41. Qxe6 Qc6 42. Rc3 Nxd6 43. exd6 Qxd6+ 44. Qxd6 Rxd6 45. Rxb5 Bxb5 46. Rxc8 a4 47. Rc7+ Rd7 48. Rc5 Bc4 49. Kg3 Re7 50. Ra5 Bb3 51. Rb5 Re4 52. Rb4 Re2 53. Kf4 Rxf2+ 54. Ke5 Kg7 55. Ke6 Rf6+ 56. Ke7 h5 57. h4 Rf4 58. g3 Re4+ 59. Kd6 Rg4 60. Rb7+ Kf6 61. Rb8 Kf5 62. Re8 Rxg3 63. Re5+ Kg4 0-1